000 00579nam a2200229Ia 4500
003 OSt
005 20221006165108.0
006 a|||||r|||| 00| 0
007 ta
008 221006b |||||||| |||| 00| 0 eng d
024 _a6,960
037 _cTextual
040 _aFML
_cFML
_beng
041 _2eng
_aeng
082 _aNS44, J6
100 _aBanerjee Projesh Au.
245 0 _aDance Of India
260 _aAllahabad
_bKitabistan India
_c1956
300 _a239
_ccm.
942 _hNS44, J6
_cTEXL
_2CC
999 _c1119569
_d1119569